ՀՀ Գիտությունների ազգային ակադեմիայի հիմնարար գիտական գրադարան  =   Fundamental Scientific Library of NAS RA
Normal view MARC view

Entry Personal Name

Number of records used in: 14

001 - CONTROL NUMBER

  • control field: 2615

003 - CONTROL NUMBER IDENTIFIER

  • control field: AM-YEHGA

005 - DATE AND TIME OF LATEST TRANSACTION

  • control field: 20250617070437.0

008 - FIXED-LENGTH DATA ELEMENTS

  • fixed length control field: 060209 a|ac|n|aab||||||||||||a |n|||||||

040 ## - CATALOGING SOURCE

  • Original cataloging agency: AM-YEHGA

100 1# - HEADING--PERSONAL NAME

  • Personal name: Հովակիմյան, Հրայր Մեսրոպի,
  • Dates associated with a name: 1908-

400 1# - SEE FROM TRACING--PERSONAL NAME

  • Personal name: Հովակիմյան, Հրայր,
  • Dates associated with a name: 1908-

400 1# - SEE FROM TRACING--PERSONAL NAME

  • Personal name: Հովակիմյան, Հ.Մ.
  • Fuller form of name: (Հրայր Մեսրոպի),
  • Dates associated with a name: 1908-

400 1# - SEE FROM TRACING--PERSONAL NAME

  • Personal name: Հովակիմյան, Հր.
  • Fuller form of name: (Հրայր),
  • Dates associated with a name: 1908-

400 1# - SEE FROM TRACING--PERSONAL NAME

  • Personal name: Овакимян, Грайр Месропович,
  • Dates associated with a name: 1908-

400 1# - SEE FROM TRACING--PERSONAL NAME

  • Personal name: Hovakimyan, Hrayr Mesropi,
  • Dates associated with a name: 1908-

670 ## - SOURCE DATA FOUND

  • Source citation: Գրական տեղեկատու, 1986 :
  • Information found: Հրայր Մեսրոպի Հովակիմյան [ծ. 16.11.1908, Օշական գ-ում (Աշտարակի շրջ.)], թատերագետ, ՀՍՍՀ արվեստի վաստ. գործիչ (1967): ՍՍՀՄ գրողների միության անդամ (1945):

670 ## - SOURCE DATA FOUND

  • Source citation: Սովետահայ դրամատուրգիայի մի քանի հարցեր = О некоторых вопросах советской армянской драматургии, 1957 :
  • Information found: տիտղթ. (Հրայր Մեսրոպի Հովակիմյան)

670 ## - SOURCE DATA FOUND

  • Source citation: Թատերական ինքնագործունեության երախտավորները, 1979 :
  • Information found: տիտղթ. (Հրայր Հովակիմյան)

670 ## - SOURCE DATA FOUND

  • Source citation: Յանուս Նուրի, 1962 :
  • Information found: տիտղթ. (Հր. Հովակիմյան)

670 ## - SOURCE DATA FOUND

  • Source citation: Հայկական Սովետական գրականություն : (Բիբլիոգրաֆիա), 1941 :
  • Information found: տիտղթ. (Հ.Մ. Հովակիմյան)


ՀՀ ԳԱԱ հիմնարար գիտական գրադարան
ՀՀ,Երևան 0019
Մարշալ Բաղրամյան 24/6
հեռախոս:(374-10) 52-47-50
Հետադարձ կապ

All site content, except where otherwise noted, is licensed under a
Creative Commons License